[Event "II Festival Grand Hotel Adriatico A"]
[Site "Montesilvano ITA"]
[Date "2013.03.03"]
[Round "4"]
[White "Viviani, Alessio"]
[Black "Difronzo, Andrea"]
[WhiteElo "2093"]
[BlackElo "1919"]
[Result "1-0"]
[PlyCount "109"]
[EventDate "2013.03.01"]

1. d4 Nf6 2. c4 c5 3. d5 b5 4. cxb5 a6 5. b6 e6 6. Nc3 Bb7 7. e4 exd5 8. exd5
d6 9. Nf3 Nbd7 10. Bc4 Nxb6 11. Qd3 Be7 12. g4 O-O 13. g5 Nfd7 14. Bf4 Nxc4 15.
Qxc4 f6 16. h4 Ne5 17. Nxe5 dxe5 18. Be3 Bc8 19. O-O-O Rb8 20. a3 Qb6 21. Rd2
Bf5 22. f4 Qb3 23. Qxb3 Rxb3 24. fxe5 Rfb8 25. Rf2 Rxc3+ 26. bxc3 Rb1+ 27. Kd2
Rb2+ 28. Kd1 Rb1+ 29. Bc1 Be4 30. Rhf1 Bxd5 31. Rb2 Rxb2 32. Bxb2 fxe5 33. c4
Bxc4 34. Re1 Kf7 35. Bxe5 h6 36. gxh6 gxh6 37. Re4 Bd5 38. Rf4+ Ke6 39. Bg7 h5
40. Kd2 c4 41. a4 a5 42. Bc3 Bb4 43. Rf6+ Kd7 44. Rb6 Bxc3+ 45. Kxc3 Bc6 46.
Rxc6 Kxc6 47. Kxc4 Kd6 48. Kb5 Ke5 49. Kxa5 Kf4 50. Kb4 Kg3 51. a5 Kxh4 52. a6
Kg3 53. a7 h4 54. a8=Q Kh2 55. Qf3 1-0

[Event "II Festival Grand Hotel Adriatico A"]
[Site "Montesilvano ITA"]
[Date "2013.03.03"]
[Round "5"]
[White "Carnicelli, Valerio"]
[Black "Stromboli, Carlo"]
[WhiteElo "2060"]
[BlackElo "2336"]
[Result "0-1"]
[PlyCount "42"]
[EventDate "2013.03.01"]

1. e4 e5 2. Nf3 Nc6 3. Bc4 Nf6 4. Ng5 d5 5. exd5 Na5 6. d3 h6 7. Nf3 e4 8. dxe4
Nxc4 9. Qd4 Nd6 10. Nfd2 c6 11. c4 Be7 12. O-O O-O 13. Nc3 Nd7 14. f4 Nf5 15.
Qd3 Nc5 16. Qe2 Nd4 17. Qd1 Nd3 18. Nf3 Bc5 19. Qxd3 Nxf3+ 20. Kh1 Nxh2 21. Qg3
Nxf1 0-1

[Event "II Festival Grand Hotel Adriatico A"]
[Site "Montesilvano ITA"]
[Date "2013.03.03"]
[Round "5"]
[White "Cerquitella, Luca"]
[Black "Buiano, Fabio"]
[WhiteElo "2294"]
[BlackElo "2036"]
[Result "1-0"]
[PlyCount "73"]
[EventDate "2013.03.01"]

1. e4 b6 2. d4 Bb7 3. Bd3 Nf6 4. Nd2 e6 5. Ngf3 c5 6. c3 cxd4 7. cxd4 Be7 8.
O-O Ba6 9. Bxa6 Nxa6 10. Qe2 Nc7 11. e5 Nfd5 12. Ne4 O-O 13. Bg5 f6 14. exf6
Nxf6 15. Bxf6 Bxf6 16. Nc3 d6 17. Qe4 Qd7 18. Rfe1 Qf7 19. a4 d5 20. Qg4 a6 21.
Re2 b5 22. Rae1 g6 23. h4 h5 24. Qf4 Kh7 25. Qg3 Qg7 26. axb5 axb5 27. Re3 Rf7
28. Ne2 Raf8 29. Kh1 Qh6 30. Rc1 Bd8 31. Kg1 Rg8 32. Ne5 Rf5 33. Nc6 Na6 34.
Nxd8 Rxd8 35. Rxe6 Rdf8 36. Rxa6 Rxf2 37. Rc7+ 1-0

[Event "II Festival Grand Hotel Adriatico A"]
[Site "Montesilvano ITA"]
[Date "2013.03.03"]
[Round "5"]
[White "Collutiis, Duilio"]
[Black "Messina, Enrico"]
[WhiteElo "2478"]
[BlackElo "2222"]
[Result "1-0"]
[PlyCount "49"]
[EventDate "2013.03.01"]

1. g3 e5 2. c4 Nc6 3. Nc3 g6 4. Bg2 Bg7 5. d3 d6 6. Rb1 f5 7. e3 Nf6 8. Nge2 h5
9. h4 Ng4 10. b4 O-O 11. b5 Ne7 12. Qb3 Kh7 13. a4 Bh6 14. f4 Rb8 15. O-O Be6
16. Bd2 Bg7 17. Rbe1 Bg8 18. Kh1 Bf6 19. Ng1 e4 20. dxe4 fxe4 21. Bxe4 Bxh4 22.
gxh4 Nf5 23. Nf3 Ng3+ 24. Kg2 Nxf1 25. Rxf1 1-0

[Event "II Festival Grand Hotel Adriatico A"]
[Site "Montesilvano ITA"]
[Date "2013.03.03"]
[Round "5"]
[White "Ferretti, Folco"]
[Black "Capone, Vincenzo"]
[WhiteElo "2269"]
[BlackElo "2185"]
[Result "1-0"]
[PlyCount "51"]
[EventDate "2013.03.01"]

1. e4 c5 2. Nc3 Nc6 3. g3 g6 4. Bg2 Bg7 5. d3 d6 6. Be3 Nf6 7. h3 O-O 8. Nge2
Nd7 9. O-O Rb8 10. Qd2 Nd4 11. Rae1 b5 12. Nd1 Nxe2+ 13. Rxe2 Re8 14. Bh6 Bh8
15. f4 Qb6 16. f5 c4+ 17. Ref2 Bd4 18. Be3 Ne5 19. dxc4 Bxe3 20. Nxe3 Nxc4 21.
Nxc4 bxc4 22. Kh2 Qxb2 23. fxg6 fxg6 24. Qd5+ e6 25. Qxd6 Qb4 26. Rf8+ 1-0

[Event "II Festival Grand Hotel Adriatico A"]
[Site "Montesilvano ITA"]
[Date "2013.03.03"]
[Round "5"]
[White "Lantini, Marco"]
[Black "Pecorari, Marcello"]
[WhiteElo "2128"]
[BlackElo "2056"]
[Result "1/2-1/2"]
[PlyCount "73"]
[EventDate "2013.03.01"]

1. d4 Nf6 2. c4 c5 3. d5 b5 4. Nf3 Bb7 5. Qc2 bxc4 6. e4 d6 7. Bxc4 Nbd7 8. O-O
g6 9. Re1 Bg7 10. h3 O-O 11. Bg5 Nb6 12. Nbd2 Nfd7 13. a4 Nxc4 14. Nxc4 h6 15.
Bh4 g5 16. Bg3 f5 17. Rad1 f4 18. Bh2 Ba6 19. e5 Bxc4 20. exd6 exd6 21. Qxc4
Ne5 22. Nxe5 Bxe5 23. b4 cxb4 24. Qxb4 Rb8 25. Qe4 Kg7 26. Kh1 Qa5 27. Rb1 Qd2
28. f3 Rb2 29. Rxb2 Qxb2 30. Rb1 Qd4 31. Rb7+ Rf7 32. Rxf7+ Kxf7 33. Qh7+ Bg7
34. Qf5+ Qf6 35. Qd7+ Qe7 36. Qf5+ Qf6 37. Qd7+ 1/2-1/2

[Event "II Festival Grand Hotel Adriatico A"]
[Site "Montesilvano ITA"]
[Date "2013.03.03"]
[Round "5"]
[White "Lodici, Lorenzo"]
[Black "Capuano, Francesca"]
[WhiteElo "2042"]
[BlackElo "1923"]
[Result "1/2-1/2"]
[PlyCount "66"]
[EventDate "2013.03.01"]

1. d4 d5 2. c4 e6 3. Nc3 Be7 4. cxd5 exd5 5. Bf4 Nf6 6. e3 O-O 7. Bd3 c5 8.
Nge2 Nc6 9. O-O cxd4 10. Nxd4 Nxd4 11. exd4 Be6 12. Qb3 Qb6 13. Qxb6 axb6 14.
a3 Nd7 15. Nb5 Bf6 16. Rac1 Rac8 17. Bc7 g6 18. Rfd1 Ra8 19. Be2 h5 20. h3 Kg7
21. Rc3 Rh8 22. b3 Be7 23. a4 Bb4 24. Rcc1 Be7 25. Bd3 g5 26. f4 gxf4 27. Bxf4
Rac8 28. Nc7 Bf6 29. Be2 Nf8 30. Bf3 Ng6 31. Nxe6+ fxe6 32. Bc7 Bg5 33. Rc3 Bf4
1/2-1/2

[Event "II Festival Grand Hotel Adriatico A"]
[Site "Montesilvano ITA"]
[Date "2013.03.03"]
[Round "5"]
[White "Luciani, Valerio"]
[Black "Viviani, Alessio"]
[WhiteElo "2237"]
[BlackElo "2093"]
[Result "0-1"]
[PlyCount "66"]
[EventDate "2013.03.01"]

1. d4 Nf6 2. c4 d6 3. Nc3 g6 4. Nf3 Bg7 5. g3 O-O 6. Bg2 c5 7. O-O Nc6 8. d5
Na5 9. Nd2 a6 10. Qc2 Rb8 11. b3 b5 12. Bb2 bxc4 13. bxc4 Bh6 14. f4 Ng4 15.
Rf3 Bg7 16. e3 Bf5 17. Qc1 Nxe3 18. Rxe3 Bd4 19. Kf2 e5 20. dxe6 fxe6 21. Nd1
Rxb2 22. Nxb2 g5 23. Nf3 gxf4 24. gxf4 Bxe3+ 25. Kxe3 Qf6 26. Nd1 Nxc4+ 27. Kf2
d5 28. Qc3 Qh6 29. Ne3 Nxe3 30. Qxe3 Be4 31. Qxc5 Bxf3 32. Bxf3 Qxh2+ 33. Kf1
Qxf4 0-1

[Event "II Festival Grand Hotel Adriatico A"]
[Site "Montesilvano ITA"]
[Date "2013.03.03"]
[Round "5"]
[White "Martorelli, Antonio"]
[Black "Altini, Nicola"]
[WhiteElo "2227"]
[BlackElo "2349"]
[Result "1/2-1/2"]
[PlyCount "91"]
[EventDate "2013.03.01"]

1. e4 e5 2. Nf3 Nc6 3. Bb5 Nf6 4. Nc3 Bb4 5. O-O O-O 6. Bxc6 dxc6 7. d3 Re8 8.
Bg5 h6 9. Bxf6 Qxf6 10. Kh1 Bg4 11. h3 Bh5 12. g4 Bg6 13. Nh2 Bxc3 14. bxc3 Re6
15. Qe2 Qe7 16. a4 Rf6 17. Nf3 Rf4 18. Ne1 Rf6 19. Ng2 a5 20. c4 b6 21. Ne3 Rf4
22. f3 Kh8 23. Rg1 Rd8 24. Ng2 Rf6 25. Qe3 Rfd6 26. Rgf1 Kg8 27. Rfd1 Qg5 28.
Qxg5 hxg5 29. Ne3 c5 30. Kg2 f6 31. Nd5 Bf7 32. Ne3 Be6 33. Rh1 Kf7 34. h4 gxh4
35. Rxh4 Rg8 36. Kf2 Rdd8 37. Rg1 Rh8 38. Rxh8 Rxh8 39. Kg3 Bd7 40. Ra1 Ke6 41.
Nd5 Kd6 42. Nc3 Rh6 43. Rf1 Rh8 44. Nb5+ Bxb5 45. cxb5 g5 46. Rd1 1/2-1/2

[Event "II Festival Grand Hotel Adriatico A"]
[Site "Montesilvano ITA"]
[Date "2013.03.03"]
[Round "5"]
[White "Pescatore, Lorenzo"]
[Black "Di Primio, Eugenia"]
[WhiteElo "2206"]
[BlackElo "1982"]
[Result "1-0"]
[PlyCount "57"]
[EventDate "2013.03.01"]

1. e4 e5 2. Nf3 Nc6 3. d4 exd4 4. Bc4 Bc5 5. c3 Nf6 6. e5 d5 7. Bb5 Ne4 8. cxd4
Be7 9. h3 O-O 10. O-O f6 11. Nc3 Nxc3 12. bxc3 fxe5 13. Bxc6 bxc6 14. Nxe5 Qd6
15. a4 Qf6 16. f4 Rd8 17. Qe1 Bd7 18. f5 Qh4 19. Qe3 Bd6 20. Qg5 Be7 21. Qe3
Bd6 22. Bd2 Re8 23. Rae1 Rad8 24. Rf4 Qe7 25. Qg3 Qf8 26. f6 Bxe5 27. dxe5 Re6
28. Rg4 g6 29. Rxg6+ 1-0

[Event "II Festival Grand Hotel Adriatico A"]
[Site "Montesilvano ITA"]
[Date "2013.03.03"]
[Round "5"]
[White "Quimi, Marco"]
[Black "Napoli, Nicolo'"]
[WhiteElo "2163"]
[BlackElo "2281"]
[Result "1-0"]
[PlyCount "95"]
[EventDate "2013.03.01"]

1. e4 e6 2. d4 Ne7 3. Nf3 d5 4. Nbd2 b6 5. Bb5+ c6 6. Bd3 Nd7 7. O-O Ng6 8. Re1
Be7 9. c3 O-O 10. Nf1 Bb7 11. Ng3 c5 12. Qe2 cxd4 13. cxd4 dxe4 14. Bxe4 Bxe4
15. Nxe4 Nf6 16. Bd2 Rc8 17. Rac1 Qd5 18. Rxc8 Rxc8 19. Qa6 Qd7 20. Nc3 Rd8 21.
a3 Bd6 22. Bg5 Bb8 23. g3 h6 24. Bxf6 gxf6 25. d5 exd5 26. Rd1 Qe6 27. Nd4 Qh3
28. Qf1 Qxf1+ 29. Kxf1 Ne7 30. f4 Bd6 31. Ndb5 a6 32. Nxd6 Rxd6 33. Kf2 Kg7 34.
g4 f5 35. gxf5 Kf6 36. Ne4+ dxe4 37. Rxd6+ Kxf5 38. Ke3 b5 39. b4 h5 40. h3 f6
41. Rd4 h4 42. Rd6 Ng6 43. Rxa6 Nxf4 44. Rxf6+ Kxf6 45. Kxf4 e3 46. Kxe3 Ke5
47. Kd3 Kf4 48. a4 1-0

[Event "XXIX C.to Torinese Open"]
[Site "Torino ITA"]
[Date "2013.01.21"]
[Round "2"]
[White "Abbura', Davide"]
[Black "Quirico, Paolo"]
[WhiteElo "1703"]
[BlackElo "2118"]
[Result "0-1"]
[PlyCount "52"]
[EventDate "2013.01.14"]

1. e4 c5 2. Nc3 g6 3. g3 Bg7 4. Nge2 Nc6 5. Bg2 d6 6. O-O e5 7. d3 Nge7 8. Be3
O-O 9. Qc1 Nd4 10. h3 Rb8 11. Qd2 Bxh3 12. Nd1 Qd7 13. Nxd4 cxd4 14. Bh6 Nc6
15. Kh2 Bxg2 16. Kxg2 f6 17. Rh1 Rf7 18. Bxg7 Rxg7 19. f3 Rf8 20. Nf2 f5 21.
Rh6 Qf7 22. Rf1 d5 23. a3 fxe4 24. fxe4 Qf3+ 25. Kh2 Qe3 26. Qxe3 dxe3 0-1

[Event "XXIX C.to Torinese Open"]
[Site "Torino ITA"]
[Date "2013.01.28"]
[Round "3"]
[White "Quirico, Paolo"]
[Black "Pepino, Enrico"]
[WhiteElo "2118"]
[BlackElo "2157"]
[Result "0-1"]
[PlyCount "112"]
[EventDate "2013.01.14"]

1. c4 g6 2. g3 Bg7 3. Bg2 c5 4. Nc3 Nc6 5. d3 Nf6 6. e4 d6 7. Nge2 Bd7 8. h3
Qc8 9. Be3 a6 10. Qd2 h5 11. Rb1 e5 12. Bg5 Nd4 13. Nxd4 cxd4 14. Ne2 Rb8 15.
Rc1 Be6 16. Qb4 Qc5 17. Qxc5 dxc5 18. O-O Nd7 19. Bd2 b5 20. cxb5 axb5 21. b3
O-O 22. f4 Bh6 23. Rc2 f5 24. fxe5 Bxd2 25. Rxd2 Nxe5 26. Nf4 Bd7 27. Rc1 Rbc8
28. Nd5 Kg7 29. Nb6 Rc7 30. Nxd7 Nxd7 31. b4 Rfc8 32. exf5 gxf5 33. bxc5 Rxc5
34. Rxc5 Rxc5 35. Kf2 Ne5 36. Bf3 Kg6 37. Ke2 Rc3 38. Bb7 h4 39. gxh4 Kh5 40.
Ba6 Kxh4 41. Bxb5 Kg3 42. Ba4 f4 43. Bd1 Kxh3 44. Kf2 Kh4 45. Be2 Ra3 46. Kg2
Kg5 47. Kf2 Kf5 48. Kg2 Ra8 49. Rb2 Rg8+ 50. Kf2 f3 51. Bf1 Kf4 52. Rb4 Ng4+
53. Ke1 Ke3 54. Rb7 Re8 55. Rb2 Rc8 56. Kd1 Nf2+ 0-1

[Event "XXIX C.to Torinese Open"]
[Site "Torino ITA"]
[Date "2013.02.04"]
[Round "4"]
[White "Pepino, Enrico"]
[Black "Bustamante Montoni, Richard"]
[WhiteElo "2157"]
[BlackElo "2255"]
[Result "1/2-1/2"]
[PlyCount "59"]
[EventDate "2013.01.14"]

1. e4 d6 2. d4 Nf6 3. Nc3 g6 4. f4 Bg7 5. Nf3 c5 6. dxc5 Qa5 7. Bd3 Qxc5 8. Qe2
Bg4 9. Be3 Qa5 10. O-O Nc6 11. h3 Bxf3 12. Qxf3 O-O 13. a3 a6 14. Ne2 Rac8 15.
c3 Qc7 16. Rad1 Na5 17. g4 b5 18. g5 Nd7 19. h4 Nc4 20. Bc1 Rcd8 21. h5 e6 22.
Qh3 f5 23. Rf2 Nc5 24. Rh2 Qe7 25. hxg6 hxg6 26. Qh7+ Kf7 27. Rh6 Ke8 28. Qxg6+
Qf7 29. Qxf7+ Kxf7 30. exf5 1/2-1/2

[Event "XXIX C.to Torinese Open"]
[Site "Torino ITA"]
[Date "2013.02.11"]
[Round "5"]
[White "Quirico, Paolo"]
[Black "Bergero, Simone"]
[WhiteElo "2118"]
[BlackElo "1707"]
[Result "1-0"]
[PlyCount "73"]
[EventDate "2013.01.14"]

1. c4 c5 2. g3 Nc6 3. Bg2 g6 4. Nc3 Bg7 5. Nf3 e6 6. e3 Nge7 7. O-O O-O 8. d4
b6 9. Re1 Ba6 10. Qa4 Bb7 11. Nb5 d5 12. cxd5 exd5 13. Bd2 a6 14. Nc3 b5 15.
Qd1 cxd4 16. exd4 Nxd4 17. Nxd4 Bxd4 18. Bg5 f6 19. Qxd4 fxg5 20. Rad1 Rf5 21.
Re5 Rc8 22. Rxf5 gxf5 23. Nxd5 Bxd5 24. Bxd5+ Qxd5 25. Qxd5+ Nxd5 26. Rxd5 Rc2
27. Rxf5 Rxb2 28. Rxg5+ Kf7 29. a4 bxa4 30. Ra5 Rb1+ 31. Kg2 Ra1 32. Rxa6 a3
33. Kf3 a2 34. h4 Ke7 35. Kf4 h6 36. Kf5 Kf7 37. Ra7+ 1-0

[Event "I Trofeo Antica Scuola Napoletana B"]
[Site "Napoli ITA"]
[Date "2013.02.28"]
[Round "1"]
[White "Brighel, Francesco"]
[Black "Di Meglio, Aurelio"]
[WhiteElo "1455"]
[BlackElo "1580"]
[Result "0-1"]
[PlyCount "52"]
[EventDate "2013.02.28"]

1. d4 Nf6 2. Bf4 d6 3. e3 g6 4. Nf3 Bg7 5. Bd3 b6 6. h3 Bb7 7. Nbd2 Nbd7 8. O-O
O-O 9. Re1 c5 10. c3 Re8 11. Bg5 h6 12. Bh4 Qc7 13. Qc2 e5 14. dxe5 dxe5 15.
Bc4 e4 16. Bg3 Qc8 17. Nh4 Nf8 18. f4 g5 19. Qb3 Re7 20. fxg5 hxg5 21. Bd6 Rd7
22. Bxf8 Kxf8 23. Nf5 Rxd2 24. Nxg7 Kxg7 25. Bxf7 Qc7 26. Be6 Qg3 0-1

[Event "I Trofeo Antica Scuola Napoletana B"]
[Site "Napoli ITA"]
[Date "2013.02.28"]
[Round "1"]
[White "Locatelli, Guido"]
[Black "Di Lorenzo, Beniamino"]
[WhiteElo "1573"]
[BlackElo "1452"]
[Result "1/2-1/2"]
[PlyCount "110"]
[EventDate "2013.02.28"]

1. e4 e5 2. Nf3 Nc6 3. d4 exd4 4. Nxd4 Nf6 5. Nxc6 bxc6 6. Bd3 Bc5 7. O-O O-O
8. Bg5 d6 9. Nd2 Re8 10. c3 Rb8 11. b4 Bb6 12. a4 a5 13. Rb1 axb4 14. cxb4 Ba7
15. Qc2 c5 16. b5 Bb7 17. Kh1 d5 18. e5 Rxe5 19. Bxh7+ Kf8 20. Nf3 Re8 21. Bf5
d4 22. Rfe1 Qd6 23. Nd2 Qd5 24. f3 Ng4 25. Bxg4 Qxg5 26. Nb3 Red8 27. Bf5 c4
28. Nc1 d3 29. Bxd3 cxd3 30. Nxd3 Qf5 31. Rbd1 Bxf3 32. gxf3 Qxf3+ 33. Qg2 Rxd3
34. Qxf3 Rxf3 35. Rd7 Re3 36. Rxe3 Bxe3 37. Rxc7 Ra8 38. Rc4 Ke7 39. Re4+ Kd6
40. Rxe3 Rxa4 41. Rb3 Ra8 42. Rf3 f6 43. Rg3 g5 44. Rf3 Ke5 45. b6 Rb8 46. Rb3
Kd4 47. b7 Kc4 48. Rb1 f5 49. Kg2 Kc5 50. Kf3 Kc6 51. Rc1+ Kxb7 52. Rb1+ Kc7
53. Rxb8 Kxb8 54. h3 Kc7 55. Ke3 Kd6 1/2-1/2

[Event "I Trofeo Antica Scuola Napoletana B"]
[Site "Napoli ITA"]
[Date "2013.02.28"]
[Round "1"]
[White "Trematerra, Massimiliano"]
[Black "De Rosa, Fabrizio"]
[WhiteElo "1463"]
[BlackElo "1401"]
[Result "0-1"]
[PlyCount "130"]
[EventDate "2013.02.28"]

1. d4 d5 2. c4 c6 3. Nc3 Nf6 4. e3 e6 5. Bd3 Bb4 6. Qc2 Nbd7 7. Nge2 dxc4 8.
Bxc4 O-O 9. Ng3 b5 10. Bb3 Bb7 11. Bd2 a5 12. a4 Bxc3 13. bxc3 bxa4 14. Ba2 c5
15. e4 Qe7 16. Qxa4 Nxe4 17. Nxe4 Bxe4 18. f3 Bd5 19. Rb1 Bxa2 20. Rb7 Rfd8 21.
Qxa2 Qd6 22. Qb2 cxd4 23. cxd4 a4 24. Bb4 Qc6 25. Ba3 Rab8 26. Rb4 Rxb4 27.
Bxb4 Rb8 28. O-O Qc4 29. Rb1 Rc8 30. Qa1 Rb8 31. Qb2 f6 32. Kf2 Nb6 33. Rc1 Qb3
34. Qa3 Qxa3 35. Bxa3 Nd5 36. Rc6 Rb3 37. Bc1 a3 38. Rc8+ Kf7 39. Ra8 Rd3 40.
Bxa3 Rxd4 41. Ra7+ Kg6 42. Bf8 Rd2+ 43. Kg3 Kf5 44. Rd7 Rd1 45. Rxg7 Nf4 46.
Bc5 Nh5+ 47. Kh4 Nxg7 48. Be3 Kg6 49. g4 f5 50. g5 Rd3 51. h3 Rxe3 52. f4 Re2
53. Kg3 e5 54. Kf3 Rh2 55. Kg3 e4 56. Kxh2 e3 57. Kg2 e2 58. Kf2 Kh5 59. Kxe2
Kh4 60. Ke3 Kxh3 61. Kd4 Kg4 62. Ke5 Nh5 63. Kd4 Kxf4 64. Kd3 Kxg5 65. Ke3 f4+
0-1

[Event "I Trofeo Antica Scuola Napoletana B"]
[Site "Napoli ITA"]
[Date "2013.03.07"]
[Round "2"]
[White "Brighel, Francesco"]
[Black "De Vero, Vincenzo"]
[WhiteElo "1455"]
[BlackElo "1422"]
[Result "1-0"]
[PlyCount "92"]
[EventDate "2013.02.28"]

1. d4 d5 2. c4 Be6 3. Nc3 Nf6 4. Bf4 Nbd7 5. Nf3 h6 6. h3 g5 7. Bh2 Bg7 8. e3
c6 9. Bd3 O-O 10. c5 a5 11. O-O Ne4 12. Ne5 Nxc3 13. bxc3 Nxe5 14. Bxe5 f6 15.
Bh2 a4 16. Qh5 Qe8 17. Qe2 f5 18. g4 Qf7 19. f4 Qf6 20. fxg5 hxg5 21. gxf5 Bd7
22. Qg4 Qh6 23. Bg3 Bf6 24. Kg2 Rf7 25. Rh1 Raf8 26. Be5 Rg7 27. Bg3 Be8 28.
Qd1 b5 29. cxb6 Bh5 30. Qxa4 Re8 31. Qxc6 g4 32. Qxd5+ Kf8 33. Rae1 gxh3+ 34.
Rxh3 Bh4 35. Rxh4 Bf3+ 36. Kxf3 Rxg3+ 37. Kxg3 Qg5+ 38. Rg4 Qg7 39. Rxg7 Kxg7
40. Qe6 Rg8 41. Rh1 Kf8+ 42. Kf4 Ke8 43. Qxg8+ Kd7 44. b7 e5+ 45. Ke4 exd4 46.
Qf7+ Kd6 1-0

[Event "I Trofeo Antica Scuola Napoletana B"]
[Site "Napoli ITA"]
[Date "2013.03.07"]
[Round "2"]
[White "Di Meglio, Aurelio"]
[Black "Soave, Vittorio"]
[WhiteElo "1580"]
[BlackElo "1374"]
[Result "0-1"]
[PlyCount "130"]
[EventDate "2013.02.28"]

1. e4 e6 2. Nf3 d5 3. exd5 exd5 4. d4 Nf6 5. c4 c6 6. Nc3 Be7 7. Be2 O-O 8. O-O
Re8 9. Bf4 Bd6 10. Bg5 Nbd7 11. cxd5 cxd5 12. Nxd5 h6 13. Bh4 Be7 14. Nxe7+
Qxe7 15. Bb5 Qb4 16. Qa4 Qxa4 17. Bxa4 Nd5 18. Ne5 N5b6 19. Nxd7 Nxa4 20. Ne5
f6 21. Nc4 Re4 22. Bg3 Rxd4 23. b3 Nc3 24. Rfe1 Bf5 25. Nd6 Be4 26. f3 Bc6 27.
Re7 Rd2 28. Nf5 Re8 29. Rxg7+ Kh8 30. Rg6 Ne2+ 31. Kf1 Nxg3+ 32. hxg3 Ree2 33.
Rxh6+ Kg8 34. Rxf6 Rf2+ 35. Kg1 Rxg2+ 36. Kf1 Bb5+ 37. Ke1 Rge2+ 38. Kf1 Re6+
39. Kg1 Rxf6 40. g4 Be2 41. Kf2 Bb5+ 42. Kg3 Bd7 43. Ne3 Rd3 44. Re1 Re6 45.
Kf4 Bc6 46. g5 Kf7 47. g6+ Kxg6 48. Rg1+ Kf7 49. Ng4 Rxf3+ 50. Kg5 Rg6+ 51. Kh4
Rf4 52. Kh5 Kg7 53. Re1 Rfxg4 54. Re5 Kf6 55. Ra5 R4g5+ 56. Rxg5 Rxg5+ 57. Kh4
Rg8 58. a4 Bxa4 59. bxa4 a5 60. Kh3 Kf5 61. Kh4 Rg7 62. Kh3 Kf4 63. Kh2 Kf3 64.
Kh1 Kf2 65. Kh2 Rh7# 0-1

[Event "I Trofeo Antica Scuola Napoletana B"]
[Site "Napoli ITA"]
[Date "2013.03.07"]
[Round "2"]
[White "Fornario, Gianluca"]
[Black "De Rosa, Fabrizio"]
[WhiteElo "1470"]
[BlackElo "1401"]
[Result "1-0"]
[PlyCount "67"]
[EventDate "2013.02.28"]

1. d4 Nf6 2. c4 e6 3. a3 Be7 4. Nc3 d5 5. h3 O-O 6. c5 b6 7. b4 Bb7 8. Bf4 Nh5
9. Bh2 c6 10. e3 Nf6 11. Nf3 b5 12. Be2 a5 13. O-O axb4 14. axb4 Nbd7 15. Qc2
Ne8 16. Qb2 Bf6 17. Rxa8 Bxa8 18. Ra1 Nc7 19. Ra7 e5 20. dxe5 Qb8 21. Qa3 Bd8
22. e6 fxe6 23. Qa5 Bb7 24. Ne5 Qc8 25. Nxd7 Na6 26. Nb6 Bxb6 27. Qxb6 Rf7 28.
Qa5 Nxb4 29. Qxb4 Qd8 30. Bg4 Qf6 31. Bg3 e5 32. Ne2 e4 33. Nd4 g6 34. Be6 1-0

[Event "I Trofeo Antica Scuola Napoletana B"]
[Site "Napoli ITA"]
[Date "2013.03.07"]
[Round "2"]
[White "Russo Spena, Vincenzo"]
[Black "Locatelli, Guido"]
[WhiteElo "1486"]
[BlackElo "1573"]
[Result "0-1"]
[PlyCount "134"]
[EventDate "2013.02.28"]

1. Nf3 d5 2. d4 Nf6 3. g3 Bf5 4. Bg2 Qc8 5. O-O Bh3 6. Bg5 Bxg2 7. Kxg2 Ne4 8.
Bf4 Nc6 9. Na3 a6 10. c4 e6 11. cxd5 exd5 12. Nc2 Qd7 13. a3 Be7 14. Ne3 O-O
15. Ng4 f6 16. Qb3 Rab8 17. Ne3 Rfd8 18. Bxc7 Qxc7 19. Nxd5 Qd6 20. Nxf6+ Kh8
21. Nxe4 Qd7 22. Rad1 Qf5 23. Qd3 Rd5 24. e3 Rbd8 25. Nfd2 Ne5 26. Qe2 Ng6 27.
Nc3 R5d7 28. e4 Qg5 29. Nf3 Nf4+ 30. Kh1 Nxe2 31. Nxg5 Nxg3+ 32. fxg3 Bxg5 33.
d5 Bf6 34. Na4 Rc7 35. b3 b5 36. d6 Rc6 37. Rfe1 bxa4 38. e5 Bg5 39. bxa4 g6
40. d7 Kg7 41. e6 Be7 42. Rd3 Rc5 43. Rf1 Rf5 44. Rdf3 Rdf8 45. Rxf5 Rxf5 46.
Re1 Kf6 47. g4 Re5 48. Rd1 Bd8 49. Rd6 Rxe6 50. g5+ Ke7 51. Rd4 Rd6 52. Rh4
Rxd7 53. Rxh7+ Ke6 54. Rh6 Kf5 55. h4 Rd4 56. Kg2 Rxa4 57. Rh8 Rd4 58. Rf8+ Ke6
59. Re8+ Kf5 60. Rh8 Kg4 61. h5 Rd2+ 62. Kf1 gxh5 63. g6 Bf6 64. g7 Bxg7 65.
Rg8 Rd7 66. Ra8 Kf3 67. Ke1 Bc3+ 0-1

[Event "I Trofeo Antica Scuola Napoletana B"]
[Site "Napoli ITA"]
[Date "2013.03.14"]
[Round "3"]
[White "De Rosa, Fabrizio"]
[Black "Brighel, Francesco"]
[WhiteElo "1401"]
[BlackElo "1455"]
[Result "0-1"]
[PlyCount "52"]
[EventDate "2013.02.28"]

1. e4 e6 2. d4 d5 3. e5 c5 4. Nf3 Nc6 5. Bb5 Bd7 6. Bxc6 Bxc6 7. dxc5 Bxc5 8.
O-O Qc7 9. b3 Ne7 10. Bb2 Ng6 11. Nbd2 O-O 12. Re1 Rad8 13. Qe2 Qb6 14. Rad1 d4
15. Ne4 Bb5 16. Qd2 d3 17. c4 Bc6 18. a3 Bxe4 19. Rxe4 Qxb3 20. Qc3 Qxd1+ 21.
Re1 Qa4 22. Ng5 Nf4 23. Ne4 Ne2+ 24. Rxe2 dxe2 25. Nf6+ Kh8 26. Nd5 Qd1+ 0-1

[Event "I Trofeo Antica Scuola Napoletana B"]
[Site "Napoli ITA"]
[Date "2013.03.14"]
[Round "3"]
[White "De Vero, Vincenzo"]
[Black "Russo Spena, Vincenzo"]
[WhiteElo "1422"]
[BlackElo "1486"]
[Result "0-1"]
[PlyCount "107"]
[EventDate "2013.02.28"]

1. e4 d6 2. d4 Nf6 3. Nc3 g6 4. Be3 Bg7 5. Nge2 O-O 6. g3 Nbd7 7. Bg2 Ng4 8.
Qd2 e5 9. d5 Nxe3 10. Qxe3 Nf6 11. h3 Bd7 12. O-O-O c5 13. Rdf1 Kh8 14. Kb1 Ng8
15. Qc1 Bh6 16. f4 f5 17. Qe1 Nf6 18. exf5 Bxf5 19. g4 Bxg4 20. hxg4 Nxg4 21.
fxe5 dxe5 22. Ng3 Bg7 23. Bh3 Nf6 24. Be6 Ne8 25. Rxf8+ Bxf8 26. Qxe5+ Bg7 27.
Qe3 Bd4 28. Qf3 Nf6 29. Nge4 Qe7 30. Ng5 Rf8 31. Qg3 Kg7 32. d6 Qe8 33. d7 Qd8
34. Nce4 Nh5 35. Qd6 h6 36. Nf7 Rxf7 37. Bxf7 Kxf7 38. Rf1+ Kg7 39. Nxc5 Bxc5
40. Qxc5 Nf6 41. Qxa7 Qxd7 42. a3 Ne4 43. Qe3 Nd2+ 44. Ka1 Nxf1 45. Qe5+ Kg8
46. Qf4 Qd1+ 47. Ka2 Qd5+ 48. b3 Qf5 49. Qc4+ Kf8 50. a4 Nd2 51. Qb4+ Kf7 52.
Qxd2 h5 53. c4 h4 54. Qh6 0-1

[Event "I Trofeo Antica Scuola Napoletana B"]
[Site "Napoli ITA"]
[Date "2013.03.14"]
[Round "3"]
[White "Locatelli, Guido"]
[Black "Somma, Erminio"]
[WhiteElo "1573"]
[BlackElo "1539"]
[Result "1/2-1/2"]
[PlyCount "85"]
[EventDate "2013.02.28"]

1. e4 d5 2. exd5 Qxd5 3. Nc3 Qa5 4. Nf3 Bg4 5. Be2 c6 6. O-O e6 7. d3 Bd6 8.
Ne4 Be7 9. Bd2 Qc7 10. Nd4 Bxe2 11. Qxe2 Nf6 12. Qf3 Nxe4 13. Qxe4 Nd7 14. Qe2
O-O-O 15. Be3 Bd6 16. Nf3 Kb8 17. h3 Ne5 18. Kh1 Nxf3 19. Qxf3 Be5 20. c3 Ka8
21. d4 Bd6 22. a4 f5 23. b4 f4 24. Bd2 g5 25. Rfe1 Rde8 26. Re4 Re7 27. c4 Qb8
28. Rae1 e5 29. b5 c5 30. d5 h5 31. g4 hxg4 32. Qxg4 Reh7 33. Kg2 Qc8 34. Qxc8+
Rxc8 35. Rh1 Rch8 36. Ree1 Rh5 37. f3 Kb8 38. Ref1 R5h7 39. Rh2 Re7 40. Bc3 Rg8
41. Re1 Rge8 42. Re4 Rh7 43. Be1 1/2-1/2

[Event "I Trofeo Antica Scuola Napoletana B"]
[Site "Napoli ITA"]
[Date "2013.03.14"]
[Round "3"]
[White "Soave, Vittorio"]
[Black "Fornario, Gianluca"]
[WhiteElo "1374"]
[BlackElo "1470"]
[Result "0-1"]
[PlyCount "108"]
[EventDate "2013.02.28"]

1. d4 d5 2. c4 dxc4 3. Nc3 a6 4. a4 e6 5. e4 Nc6 6. Nf3 Nf6 7. Bxc4 Bb4 8. Bg5
h6 9. Bxf6 Qxf6 10. O-O O-O 11. Rc1 Rd8 12. e5 Qe7 13. d5 Bxc3 14. Rxc3 exd5
15. Bxd5 Nb4 16. Bxf7+ Kxf7 17. e6+ Bxe6 18. Ne5+ Kg8 19. Qh5 Nd5 20. Rf3 Nf6
21. Qg6 Rd5 22. Re1 Rad8 23. h3 Rd1 24. Rxd1 Rxd1+ 25. Kh2 Bf7 26. Qg3 Rd5 27.
Ng4 Nh5 28. Nxh6+ Kh7 29. Rxf7 Qxf7 30. Nxf7 Nxg3 31. Kxg3 Kg6 32. Nh8+ Kf6 33.
Kf4 Rd8 34. g4 Rxh8 35. g5+ Ke6 36. Kg4 Rd8 37. f4 g6 38. h4 Rd2 39. h5 gxh5+
40. Kxh5 Kf5 41. Kh4 Kxf4 42. Kh5 Kf5 43. Kh4 Rxb2 44. Kg3 Kxg5 45. Kf3 Rd2 46.
Ke4 c5 47. Ke3 Rd8 48. a5 c4 49. Kf3 c3 50. Ke4 c2 51. Kf3 c1=Q 52. Kf2 Qc3 53.
Ke2 Rd2+ 54. Ke1 Qc1# 0-1